00329nam a2200121 a 45000010005000000030005000050050017000100080041000270400020000681000025000882450074001132600020001872039CDMR20130312164144.0130130s1975||||||||||||||||||||||||||||d aCDMRbcatcCDMR1 aValle Perdrix, Edmon13aLa generación de Hora de EspañacEdmon Valles Perdrixb: una cata aBarcelonac1975